Medzinárodné účtovníctvo. 5 - Francúzsko
Hlavné zásady francúzskeho účtovníctva, ktoré patrí do prvej, rozvinutejšej skupiny latinských účtovných systémov. Vývoj francúzskeho účtovníctva. Formy podnikania vo Francúzsku.
Guardado en:
| Autor principal: | |
|---|---|
| Otros Autores: | , |
| Formato: | Capítulo de libro |
| Lenguaje: | eslovaco |
| Materias: | |
| Etiquetas: |
Sin Etiquetas, Sea el primero en etiquetar este registro!
|
MARC
| LEADER | 00000naa a2200000 4500 | ||
|---|---|---|---|
| 001 | r019798 | ||
| 005 | 20221213095756.5 | ||
| 041 | 0 | |a slo | |
| 044 | |a SK | ||
| 245 | 1 | 0 | |a Medzinárodné účtovníctvo. 5 - Francúzsko |c Peter Daniel, I. Danišová, M. Jelenová |
| 520 | |a Hlavné zásady francúzskeho účtovníctva, ktoré patrí do prvej, rozvinutejšej skupiny latinských účtovných systémov. Vývoj francúzskeho účtovníctva. Formy podnikania vo Francúzsku. | ||
| 610 | 2 | 0 | |a Francúzsko |
| 610 | 2 | 0 | |a systémy účtovné |
| 610 | 2 | 0 | |a výkazy účtovné |
| 610 | 2 | 0 | |a oceňovanie |
| 610 | 2 | 0 | |a audítorstvo |
| 100 | 1 | |a Daniel, Peter | |
| 700 | 1 | |a Danišová, I. | |
| 700 | 1 | |a Jelenová, M. | |